Priority spolupráce

Schôdzka ministrov zahraničných vecí krajín Stredoeuropskej iniciatívy, ktorá sa konala v Budapešti v roku 1993. Význam schôdzky pre Slovenskú republiku.

Enregistré dans:
Détails bibliographiques
Auteur principal: Kopecký, I.
Format: Chapitre de livre
Langue:slovaque
Sujets:
Tags: Ajouter un tag
Pas de tags, Soyez le premier à ajouter un tag!

MARC

LEADER 00000naa a2200000 4500
001 r015954
005 20221213123651.7
041 0 |a slo 
044 |a SK 
245 1 0 |a Priority spolupráce  |c I. Kopecký 
520 |a Schôdzka ministrov zahraničných vecí krajín Stredoeuropskej iniciatívy, ktorá sa konala v Budapešti v roku 1993. Význam schôdzky pre Slovenskú republiku. 
610 2 0 |a SEI 
610 2 0 |a Slovensko 
610 2 0 |a Česko 
610 2 0 |a 1993 
610 2 0 |a stredná Európa 
610 2 0 |a Budapešť 
610 2 0 |a integrácia ekonomická medzinárodná 
100 1 |a Kopecký, I.